00993nab a22002177a 4500003000400000005001700004008004100021040000700062100002200069245009000091260007200181300001300253500003900266505016100305505008900466650002000555650001200575650002700587700002400614773013700638OSt20260114142635.0190605e xxu||||| |||| 00| 0 spa d cPJ aMansilla, Alberto10a¿El despido discriminatorio está de moda? /cAlberto Mansilla, Daiana M. López.  aCiudad Autónoma de Buenos Aires :bThomson Reuters La Ley,c2024. ap. 89-94 aCita: TR LALEY AR/DOC/2999/2024.  aSumario: I. El plano normativo.— II. El plano jurisprudencial.— III. El plano práctico.— IV. El plano del futuro.— V. La respuesta a la pregunta.  t¿Te interesa el texto completo? Solicitalo al correo: koha@justierradelfuego.gov.ar 0aDERECHO LABORAL 0aDESPIDO 0aDISCRIMINACION LABORAL aLópez, Daiana M. 0 02711dCiudad Autónoma de Buenos Aires : Thomson Reuters La Ley, 1999-2002.tRevista de derecho del trabajo. Nº 6 - Noviembre 2024